Normal view
MARC view
- Hasan Khan ,Aroob
Entry Personal Name
001 - CONTROL NUMBER
- control field: 125616
003 - CONTROL NUMBER IDENTIFIER
- control field: NUST
005 - DATE AND TIME OF LATEST TRANSACTION
- control field: 20240903104908.0
008 - FIXED-LENGTH DATA ELEMENTS
- fixed length control field: 240903|| aca||aabn | a|a d
040 ## - CATALOGING SOURCE
- Original cataloging agency: NUST
- Transcribing agency: NUST
100 ## - HEADING--PERSONAL NAME
- Personal name: Hasan Khan ,Aroob
670 ## - SOURCE DATA FOUND
- Source citation: Work cat.: (NUST): Hasan Khan ,Aroob, pH-Responsive Aloe Vera Hydrogels Loaded with Imatinib for Targeting Drug Resistance in Cancer
